000 00520nam a2200181 a 4500
001 000030226
005 20200930060141.0
008 110505s1992 dr a 000 0 spa d
020 _a8449984149
040 _aDO-SdBNP
_bspa
_cBNPHU
082 _axxx
_bA366h
100 1 _aAlegría, Ricardo E.
_916236
245 1 0 _aHistoria de nuestros Indios /
_cRicardo E. Alegría.
260 _aSan Juan, Puerto Rico :
_bCorripio,
_c1992.
300 _a86 p. :
_bil. ;
_c23 cm.
504 _aBibliografías p. 85-86
049 _aBNPD
999 _c29718
_d29718